Heavy Metal Songs Trivia - Statistics

General Stats
  • This quiz has been taken 330 times
  • The average score is 4 of 15
Answer Stats
Hint Song % Correct
The title track that served as a precursor to Motörhead's fourth album Ace of Spades
79%
Written by Steve Harris; examines the conflict between European settlers and Native Americans Run to the Hills
79%
Originally titled "Walpurgis" and is the opening track on the album Paranoid War Pigs
70%
One of Metallica's most acclaimed songs, noted for its use of downpicking in the guitars, and deals with drugs Master of Puppets
60%
The first thrash metal song, as well as Slayer's only contribution, to the Guitar Hero franchise Raining Blood
55%
Themed after Operation Overlord, and the opening track to Sabaton's debut album Primo Victoria
18%
Signature song of KISS Rock and Roll All Night
17%
Song that got Judas Priest charged with subliminal messaging to commit suicide Better By You, Better Than Me
12%
Written by Zakk Wylde and later dedicated to "Dimebag" Darrell In This River
10%
Influenced by the novel Fear and Loathing in Las Vegas; "We can't stop here. This is..." Bat Country
9%
Arguably Stratovarius' best known song, and seventh single Black Diamond
7%
Blind Guardian single released in 2003 that contained 5 different versions of the song The Bard's Song
6%
Opening track to Trivium's sixth studio album, Vengeance Falls Brave This Storm
2%
Single written by Phillip Labonte, released in September '08, with a music video released in the following month Two Weeks
2%
The first single - and title track - of Mötley Crüe's last album Saints of Los Angelos
0%
No matching quizzes found
Score Distribution
Percent of People with Each Score
Percentile by Number Answered
Your Score History
You have not taken this quiz